| 000 | 00538nam a2200205Ia 4500 | ||
|---|---|---|---|
| 003 | IIN | ||
| 005 | 20240202165325.0 | ||
| 008 | 231217s9999 xx 000 0 und d | ||
| 020 |
_cRs.595.00 _a9789383420698 |
||
| 040 |
_aIIN _bEnglish |
||
| 082 |
_a362.5 _bDAS |
||
| 100 | 1 | _aDas, Suryatapa | |
| 245 | 1 |
_aTextbook of Community Nutrition _cSuryatapa Das |
|
| 250 | _a2nd ed | ||
| 260 |
_bAcademic _aKolkata _c2016 |
||
| 300 | _aviii, 256 p. | ||
| 650 | 1 | _aCommunity Health Nursing | |
| 650 | 1 | _aCommunity Nutrition | |
| 942 | _cBOOK | ||
| 999 |
_c911 _d911 |
||